000 00489nam a2200205Ia 4500
999 _c14029
_d14029
003 0100
005 20190701142501.0
008 130303s9999 xx 000 0 und d
020 _a394583922
040 _cARRUPELIB
050 _aHC106.82.K87 1996
100 _aKuttner, Robert
_946710
245 _aEverything for sale
245 _bthe virtues and limits of markets
260 _aNew York
_bAlfred A. Knopf
_c1996
300 _axvi
300 _b 410 p.24cm
650 _aEnviromental policy
_xUnited States full empoyement policies
_946711
650 _aUnited States Capitalism
_xUnited States free enterprise
_zUnited States
_946712
700 _aRobert Kuttner
_946713
942 _2lcc
_cMONOGRAPH